|
|
|
|
| LEADER |
00000nam0a2200000 4500 |
| 001 |
369544 |
| 005 |
20231102012207.0 |
| 035 |
|
|
|a (RuTPU)RU\TPU\retro\26930
|
| 035 |
|
|
|a RU\TPU\retro\26926
|
| 090 |
|
|
|a 369544
|
| 100 |
|
|
|a 20220525d1968 k y0rusy50 ca
|
| 101 |
0 |
|
|a rus
|
| 102 |
|
|
|a RU
|
| 105 |
|
|
|a a z 001zy
|
| 200 |
1 |
|
|a Маркшейдерское дело в нефтегазодобывающей промышленности
|e [сборник статей]
|f Всесоюзный нефтегазовый научно-исследовательский институт (ВНИИ) ; под ред. А. П. Крылова
|
| 210 |
|
|
|a Москва
|c Недра
|d 1968
|
| 215 |
|
|
|a 195 с.
|c ил.
|
| 225 |
1 |
|
|a Труды Всесоюзного нефтегазового научно-исследовательского института (ВНИИ)
|v Вып. 52
|
| 320 |
|
|
|a Библиогр. в конце статей
|
| 606 |
1 |
|
|a Маркшейдерское дело
|2 stltpush
|3 (RuTPU)RU\TPU\subj\41067
|9 60885
|
| 606 |
1 |
|
|a Нефтегазодобывающая промышленность
|2 stltpush
|3 (RuTPU)RU\TPU\subj\45576
|9 64770
|
| 610 |
1 |
|
|a цифровое моделирование
|
| 610 |
1 |
|
|a полевой контроль
|
| 610 |
1 |
|
|a оценка качества
|
| 610 |
1 |
|
|a аэрофотосъемка
|
| 610 |
1 |
|
|a сейсморазведка
|
| 610 |
1 |
|
|a каротаж
|
| 610 |
1 |
|
|a инклинометрические датчики
|
| 610 |
1 |
|
|a искривление скважин
|
| 610 |
1 |
|
|a залежи нефти
|
| 610 |
1 |
|
|a точные значения
|
| 610 |
1 |
|
|a структурные карты
|
| 610 |
1 |
|
|a пористость
|
| 610 |
1 |
|
|a терригенные коллекторы
|
| 610 |
1 |
|
|a керновые пробы
|
| 610 |
1 |
|
|a корреляции
|
| 610 |
1 |
|
|a подсчет запасов
|
| 610 |
1 |
|
|a пористость
|
| 610 |
1 |
|
|a фотокаротаж
|
| 610 |
1 |
|
|a Мухановское месторождение
|
| 675 |
|
|
|a 622.323
|v 3
|
| 675 |
|
|
|a 622.1
|v 3
|
| 702 |
|
1 |
|a Крылов
|b А. П.
|4 340
|
| 712 |
0 |
2 |
|a Всесоюзный нефтегазовый научно-исследовательский институт (ВНИИ)
|c (Москва)
|c (1953-1987)
|2 stltpush
|3 (RuTPU)RU\TPU\col\11487
|
| 801 |
|
1 |
|a RU
|b 63413507
|c 20141105
|
| 801 |
|
2 |
|a RU
|b 63413507
|c 20221005
|g RCR
|
| 942 |
|
|
|c BK
|